[Event "IECC KO-1061"]
[Site "IECC email"]
[Date "2006.08.08"]
[Round "?"]
[White "Ballueder, Volker"]
[Black "Mutch, Michael"]
[Result "1-0"]
[WhiteElo "977"]
[BlackElo "1215"]
[PlyCount "127"]
[EventDate "2006.??.??"]
[EventType "match (corr)"]
[EventRounds "2"]
[SourceTitle "Corr 2008"]
[Source "ChessBase"]
[SourceDate "2008.06.24"]
[SourceVersion "1"]
[SourceVersionDate "2008.06.24"]
[SourceQuality "1"]

1. e4 d5 2. exd5 Qxd5 3. Nc3 Qd8 4. d4 Nf6 5. Nf3 Bg4 6. Be2 e5 7. dxe5 Qxd1+ 8. Bxd1 Bd7 9. exf6 gxf6 10. 0-0 Bb4 11. Bf4 Na6 12. Nd5 c6 13. Nxf6+ Ke7 14. Nxd7 Kxd7 15. c3 Bd6 16. Bxd6 Kxd6 17. Re1 Rhe8 18. Bb3 Rxe1+ 19. Rxe1 Nc7 20. Rd1+ Ke7 21. Re1+ Kd6 22. Rd1+ Ke7 23. Re1+ Kd6 24. Ng5 f6 25. Nf7+ Kd7 26. Bc2 Re8 27. Bf5+ Ne6 28. Bxe6+ Rxe6 29. Rxe6 Kxe6 30. Nd8+ Ke5 31. Nxb7 Ke4 32. Na5 Kd3 33. c4 c5 34. a3 Kc2 35. Nb7 Kxb2 36. Nxc5 Kxa3 37. f4 Kb4 38. Na6+ Kxc4 39. g4 Kb5 40. Nc7+ Kb6 41. Nd5+ Kb5 42. Nxf6 a5 43. Nd5 a4 44. Nc3+ Kc6 45. Nxa4 Kd6 46. Kf2 Ke6 47. Kf3 Kf6 48. Nc5 Kg6 49. f5+ Kf6 50. Kf4 Kg7 51. g5 h6 52. gxh6+ Kxh6 53. f6 Kg6 54. Ke5 Kf7 55. Ne6 Kg6 56. h4 Kf7 57. h5 Kg8 58. h6 Kh7 59. f7 Kxh6 60. f8Q+ Kh5 61. Qf5+ Kh4 62. Qg5+ Kh3 63. Nf4+ Kh2 64. Qg2# 1-0